000 00533nam a22002057a 4500
003 OSt
005 20140310182828.0
008 130530t xxu||||| |||| 00| 0 eng d
020 _a9789718573952
050 _aBV 4597
_b.B662 2006
082 _aM 253
_b.B662 2006
245 _aThe perfect leader /
_cBoa, Kenneth
260 _aColorado, USA :
_bPageTurner Books,
_c2006
300 _a256 p.
_c22 cm.
521 _acollege students
526 _c1210L-1700L
541 _j1
562 _e1
942 _2lcc
_cBK
_kM
999 _c16551
_d16551